000 00665nam a22002417a 4500
003 UA-OsUOA
001 70896
007 ta
008 20100923b un ||||| |||| 00| 0 ukr d
100 _aРудницька А.
090 _a343.6
_bР83
942 _cBK
040 _aUA-OsUOA
_bukr
_cUA-OsUOA
_dUA-OsUOA
245 _aУкраїнський всесвіт
_bЗбірник статей та ілюстрацій
300 _a67 с.
955 _a2
041 _aukr
080 _a343.6
020 _a978-966-96266-5-3
260 _aК.
_c2009
650 7 _a343 Кримінальне право. Карні порушення
_2UDC
999 _c357172
_d357172